000 00555cam a22002171 4500
001 sa 65001199
003 DLC
005 20260227112108.0
008 890816s1963 ii a 000 0 maro
010 _asa 65001199
035 _a(OCoLC)20186471
040 _aDLC
_cWaU
_dDLC
042 _apremarc
050 0 0 _aPK2418.E5
_bZ73
100 1 _aJośī, S. K.
245 1 0 _aSvakarẽ candana ghāśī.
260 _c[1963]
300 _a243 p.
_billus.
_c19 cm.
500 _aIn Marathi.
600 0 0 _aEkanātha,
_dapproximately 1548-approximately 1609.
999 _c61962
_d61962